Najniebezpieczniejsze Kraje Świata - Statystyki

Ogólne statystyki
  • Ten quiz został rozwiązany 404 razy
  • Średni wynik to 5 z 15
Statystyki odpowiedzi
Procent niebezpieczenstwa Odpowiedź % Poprawnych
63,4% Meksyk
68%
16,3% Irak
65%
23% Wenezuela
47%
16,1% Pakistan
44%
17,8% Niger
43%
43,7% Haiti
30%
21,9% Etiopia
27%
32,5% Honduras
25%
42,7% Gwatemala
23%
58,9% Kenia
20%
14,5% Bangladesz
19%
53,1% Jamajka
17%
9,4% Birma
12%
14,6% Papua Nowa Gwinea
9%
56,5% Sri lanka
8%
Nie znaleziono quizów pasujących do podanych kryteriów
Rozkład punktacji
Procent ludzi z każdym wynikiem
Percentyl według liczby udzielonych odpowiedzi
Twoja historia wyników
Nie rozwiązałeś tego quizu